Auswärtsfahrer Top 30 - Statistiken

Allgemein
  • Dieses Quiz wurde 112 mal gespielt
  • Das Durchschnittsergebnis liegt bei 25 aus 30
Antwortstatistiken
Auswärtsfahrer Verein % Korrekt
4.906 Borussia Dortmund
98%
4.731 FC Bayern München
98%
5.831 Hamburger SV
98%
5.441 1. FC Köln
96%
7.041 FC Schalke 04
96%
5.163 Eintracht Frankfurt
95%
2.901 SG Dynamo Dresden
93%
4.944 SV Werder Bremen
92%
5.528 VFB Stuttgart
91%
3.144 1. FC Union Berlin
90%
3.753 Hertha BSC
90%
2.965 SC Freiburg
89%
3.859 Bayer 04 Leverkusen
87%
4.694 FC St. Pauli
86%
3.163 1. FSV Mainz 05
84%
3.367 1. FC Nürnberg
83%
3.147 VFL Bochum
83%
4.131 1. FC Kaiserslautern
82%
2.625 Hannover 96
81%
2.407 Holstein Kiel
80%
2.888 Fortuna Düsseldorf
79%
3.508 1. FC Magdeburg
76%
2.156 FC Hansa Rostock
73%
4.676 Borussia M´ Gladbach
72%
1.991 DSC Arminia Bielefeld
72%
3.939 MSV Duisburg
70%
1.938 Eintracht Braunschweig
67%
2.915 Karlsruher SC
65%
3.109 SC Preussen Münster
60%
2.213 TSV 1860 München
60%
Keine übereinstimmenden Quizze gefunden
Verteilung der Resultate
Anzahl Personen mit jedem Resultat
Perzentil nach korrekt beantworteten Fragen
Ihre Resultats-Entwicklung
Sie haben dieses Quiz noch nicht gespielt